Statistics for The 123 Worst Musicians of All Time according to VICE

Click here to take the quiz!

General Stats

  • This quiz has been taken 38 times
  • The average score is 20 of 119

Answer Stats

Answer% Correct
Madonna
66%
Michael Jackson
63%
The Beatles
60%
The Rolling Stones
49%
Elton John
46%
Elvis Presley
46%
Queen
46%
Beyonce
43%
Pink Floyd
43%
Nirvana
40%
Bob Dylan
37%
Eminem
37%
Johnny Cash
37%
Guns N' Roses
34%
Prince
34%
Beach Boys
31%
Kanye West
31%
Metallica
31%
The Ramones
31%
Whitney Houston
31%
David Bowie
29%
Jay Z
29%
Jimi Hendrix
29%
Stevie Wonder/Ray Charles
29%
The Who
29%
U2
29%
Green Day
26%
Iron Maiden
26%
Justin Timberlake
26%
Notorious B.I.G./Tupac
26%
Pearl Jam
26%
The Doors
26%
Black Sabbath
23%
Cream / Eric Clapton
23%
Dr. Dre
23%
Patti Smith
23%
The Clash
23%
The Sex Pistols
23%
Amy Winehouse
20%
Bruce Springsteen
20%
Elliott Smith
20%
Elvis Costello
20%
Foo Fighters
20%
Kiss
20%
Neil Young
20%
The Cure
20%
Tom Petty
20%
Blondie
17%
Radiohead
17%
Rush
17%
Smashing Pumpkins
17%
The White Stripes
17%
Willie Nelson
17%
Beastie Boys
14%
Beck
14%
Janis Joplin
14%
Joy Division
14%
Marvin Gaye
14%
Public Enemy
14%
R.E.M.
14%
Talking Heads
14%
The Police
14%
Grateful Dead
11%
Lynyrd Skynyrd
11%
Run DMC
11%
Van Morrison
11%
Yes
11%
Björk
9%
Bob Marley
9%
Fleetwood Mac
9%
Frank Zappa
9%
Hole/Courtney Love
9%
Judas Priest
9%
Nine Inch Nails
9%
N.W.A.
9%
Rage Against the Machine
9%
Rod Stewart
9%
Slayer
9%
Stevie Nicks
9%
The Smiths/Morrisey
9%
Tool
9%
Velvet Underground
9%
Black Flag
6%
Bright Eyes/Death Cab For Cutie
6%
Daft Punk
6%
Dead Kennedys
6%
Fiona Apple
6%
Iggy & the Stooges
6%
Kate Bush
6%
NAS
6%
Otis Redding
6%
Phish
6%
Animal Collective
3%
Aphex Twin
3%
A Tribe Called Quest
3%
Crass
3%
Descendents
3%
Fugazi
3%
Modest Mouse
3%
NOFX
3%
Outkast
3%
Pixies
3%
Sonic Youth
3%
The Misfits
3%
The Strokes
3%
Wilco
3%
Wu-Tang Clan
3%
Darkthrone
0%
Dinosaur Jr.
0%
Eric B & Rakim
0%
Jawbreaker
0%
Minor Threat
0%
My Bloody Valentine
0%
Pavement
0%
Rancid
0%
Refused
0%
The Replacements
0%
The Roots
0%
Tom Waits
0%

Score Distribution

Percentile by Number Answered

Percent of People with Each Score

Your Score History

You have not taken this quiz